000 00759nam a2200253Ia 4500
003 OSt
005 20220918165335.0
006 a|||||r|||| 00| 0
007 ta
008 220917b |||||||| |||| 00| 0 eng d
020 _a3700116381 (pbk)
024 _a67,869
037 _cTextual
040 _aARTS
_cARTS
_beng
041 _2eng
_aeng
082 _aQ125:4x5,1, M9
100 _aSparreboom M
_923897
245 0 _aRituel of setting up the sacrificial fires according to the Vadhula school
260 _aWien
_bOsterreichischen Akademie der Wissenschaften
_c1989
650 _aRELIGION
700 _a Heesterman J. C.
_923898
942 _hQ125:4x5,1, M9
_cTEXL
_2CC
999 _c129415
_d129415